Mother Nature's Son Lyrics by The Beatles - Statistics

General Stats
  • This quiz has been taken 13 times
  • The average score is 41 of 59
Answer Stats
Answer % Correct
a
100%
a
100%
a
100%
Mother
100%
Mother
100%
Mother
100%
Nature's
100%
Nature's
100%
Nature's
100%
son.
100%
son.
100%
son.
100%
boy,
91%
country
91%
for
91%
poor
91%
the
91%
the
91%
young
91%
All
82%
Born
82%
day
82%
everyone.
82%
in
82%
long,
82%
Sit
82%
song
82%
I'm
73%
mountain
73%
see
73%
sing
73%
of
64%
of
64%
sitting
64%
songs
64%
stream,
64%
as
55%
beside
55%
field
55%
flies.
55%
grass,
55%
her
55%
Listen
55%
singing
55%
sun.
55%
to
55%
beneath
45%
music
45%
pretty
45%
rise.
45%
she
45%
sound
45%
waters
45%
Find
36%
me
36%
my
36%
daisies
27%
lazy
18%
Swaying
18%
No matching quizzes found
Score Distribution
Percent of People with Each Score
Percentile by Number Answered
Your Score History
You have not taken this quiz